Modern partnership law / (Record no. 23014)

MARC details
000 -LEADER
fixed length control field 00505nam a2200181 a 4500
003 - CONTROL NUMBER IDENTIFIER
control field KenMUT
005 - DATE AND TIME OF LATEST TRANSACTION
control field 20250721170203.0
008 - FIXED-LENGTH DATA ELEMENTS--GENERAL INFORMATION
fixed length control field 840202s1983 enk b 001 0 eng
020 ## - INTERNATIONAL STANDARD BOOK NUMBER
International Standard Book Number 9781032350189
040 ## - CATALOGING SOURCE
Transcribing agency MUT
050 00 - LIBRARY OF CONGRESS CALL NUMBER
Classification number KD 2051
Item number .M54 2024
100 1# - MAIN ENTRY--PERSONAL NAME
Personal name Milman, David.
Relator term Author
245 10 - TITLE STATEMENT
Title Modern partnership law /
260 ## - PUBLICATION, DISTRIBUTION, ETC.
Place of publication, distribution, etc. London :
Name of publisher, distributor, etc. Routledge
Date of publication, distribution, etc. 2024
650 #0 - SUBJECT ADDED ENTRY--TOPICAL TERM
Topical term or geographic name entry element Partnership
Geographic subdivision Great Britain.
700 1# - ADDED ENTRY--PERSONAL NAME
Personal name Flanagan, Terence.
942 ## - ADDED ENTRY ELEMENTS (KOHA)
Source of classification or shelving scheme Library of Congress Classification
Koha item type Books
Suppress in OPAC No
Holdings
Withdrawn status Lost status Source of classification or shelving scheme Damaged status Not for loan Home library Current library Shelving location Date acquired Source of acquisition Total checkouts Full call number Barcode Date last seen Price effective from Koha item type
    Library of Congress Classification     Murang'a University of Technology Library Murang'a University of Technology Library Law Library 21/07/2025 Purchase   KD 2051 .M54 2024 031998 21/07/2025 21/07/2025 Books
    Library of Congress Classification     Murang'a University of Technology Library Murang'a University of Technology Library Law Library 23/07/2025 Purchase   KD 2051 .M54 2024 031999 23/07/2025 23/07/2025 Books